000 00794nas a2200253 4500
001 BR0803325
003 BR-BrBNA
005 20231205112255.0
007 ta
008 230509b bl.|||p| |||| 00| 00por d
040 _aBR-BrBNA
_bpor
_cBiblioteca Nacional de Agricultura
041 _a(Pt)
072 _aH60
100 1 _aCarvalho, S.J.P.
100 1 _aChristoffoleti, P.J.
245 1 _aEstimativa da área foliar de cinco espécies do gênero Amaranthus usando dimensões lineares do limbo foliar
650 _aERVA DANINHA
650 _aCARURU
650 _aÁREA FOLIAR
650 _aMODELO MATEMÁTICO
773 0 _tPlanta Daninha (Brazil)
_xISSN 0100-8358
_g(Apr-Jun 2007), v. 25(2) p. 317-324
_wBR0803325
909 _a202311
_bLúcia
_c55
_dLúcia Elande
942 _2AGRIS
_n0
_cANA
999 _c197125
_d197125